| 000 | 00439nam a2200145Ia 4500 | ||
|---|---|---|---|
| 008 | 231129s2006||||xx |||||||||||||| ||spa|| | ||
| 020 | _a958-8040-42-6 | ||
| 040 | _bspa | ||
| 082 | _a923.58 D378j | ||
| 100 | _aDe Mier Jose M. | ||
| 245 | 0 | _aJoaquin Mosquera y Arboleda y Antonio Jose de Sucre : Dialogo epistolar | |
| 260 | _c2006 | ||
| 264 | _aAcademia Colombiana de Historia | ||
| 942 |
_2ddc _cBKS |
||
| 999 |
_c16109 _d16109 |
||